[Event "SB-2019-0-00563"]
[Site "LSS email"]
[Date "2019.01.30"]
[Round "?"]
[White "Roy, Rabirashmi"]
[Black "Kaloev, Todor"]
[Result "0-1"]
[WhiteElo "800"]
[BlackElo "2005"]
[PlyCount "20"]
[EventDate "2019.01.05"]
[EventType "tourn (corr)"]
[EventRounds "6"]
[EventCountry "GER"]
[SourceTitle "Corr 2022"]
[Source "ChessBase"]
[SourceDate "2021.10.24"]
[SourceVersion "1"]
[SourceVersionDate "2021.10.24"]
[SourceQuality "1"]

1. e4 c6 2. d4 d5 3. exd5 cxd5 4. Bb5+ Nc6 5. Nf3 Bg4 6. c4 e6 7. Qa4 f6 8. Bxc6+ bxc6 9. Qxc6+ Kf7 10. Qb7+ Ne7 0-1

[Event "WC-2018-P-00018"]
[Site "LSS email"]
[Date "2018.01.22"]
[Round "?"]
[White "Latib, Ali"]
[Black "Kaloev, Todor"]
[Result "1/2-1/2"]
[WhiteElo "2199"]
[BlackElo "1955"]
[PlyCount "101"]
[EventDate "2018.02.01"]
[EventType "tourn (corr)"]
[EventRounds "12"]
[EventCountry "GER"]
[SourceTitle "Corr 2022"]
[Source "ChessBase"]
[SourceDate "2021.10.24"]
[SourceVersion "1"]
[SourceVersionDate "2021.10.24"]
[SourceQuality "1"]

1. Nf3 Nf6 2. c4 b6 3. g3 c5 4. Bg2 Bb7 5. 0-0 e6 6. Nc3 Be7 7. d4 cxd4 8. Qxd4 d6 9. e4 a6 10. Rd1 Nbd7 11. b3 Qc8 12. h3 0-0 13. Ba3 Nc5 14. Nd2 Qc7 15. Qe3 h6 16. b4 Ncd7 17. Rac1 Rfc8 18. Bb2 Ne8 19. Bf1 Bg5 20. Qe2 Bf6 21. a3 Bxc3 22. Rxc3 a5 23. Rcc1 Nef6 24. Ra1 e5 25. Qe3 Nf8 26. f3 Ne6 27. Be2 Bc6 28. Nf1 Ba4 29. Rd2 b5 30. cxb5 Qb8 31. b6 Rc6 32. Bc3 axb4 33. axb4 Nd7 34. b7 Qxb7 35. Rda2 Nb6 36. b5 Rcc8 37. f4 Qb8 38. Kh2 Nc7 39. Rb2 Ncd5 40. exd5 Nxd5 41. Qf2 Nxc3 42. fxe5 dxe5 43. Bf3 e4 44. Bg4 Rf8 45. b6 f5 46. Bxf5 Qe5 47. Ne3 Rab8 48. Rf1 Nd1 49. Nxd1 Bxd1 50. Rxd1 Rxf5 51. Qd4 1/2-1/2

[Event "WC-2018-P-00018"]
[Site "LSS email"]
[Date "2018.01.22"]
[Round "?"]
[White "Nowak, Ireneusz"]
[Black "Kaloev, Todor"]
[Result "1-0"]
[WhiteElo "2167"]
[BlackElo "1955"]
[PlyCount "103"]
[EventDate "2018.02.01"]
[EventType "tourn (corr)"]
[EventRounds "12"]
[EventCountry "GER"]
[SourceTitle "Corr 2022"]
[Source "ChessBase"]
[SourceDate "2021.10.24"]
[SourceVersion "1"]
[SourceVersionDate "2021.10.24"]
[SourceQuality "1"]

1. e4 e5 2. Nf3 Nc6 3. Bb5 a6 4. Ba4 Nf6 5. 0-0 b5 6. Bb3 Bb7 7. d3 Be7 8. Re1 0-0 9. h3 d6 10. a3 Na5 11. Ba2 c5 12. Nbd2 Nc6 13. Nf1 Bc8 14. c3 Be6 15. Bxe6 fxe6 16. b4 Nd7 17. Qb3 Rf6 18. Ne3 Rg6 19. Ng4 Rb8 20. Be3 Qc7 21. Qa2 h6 22. Rac1 Rf8 23. Kh1 Rb8 24. Red1 Rf8 25. Ngh2 Kh7 26. h4 Rgf6 27. h5 Qd8 28. Nh4 Qe8 29. Ng6 Rxg6 30. hxg6+ Qxg6 31. a4 cxb4 32. axb5 axb5 33. Qa6 Ncb8 34. Qxb5 Bg5 35. cxb4 Bxe3 36. fxe3 Nf6 37. Qb6 Qh5 38. Kg1 Qe2 39. Re1 Qxd3 40. Rcd1 Qxe4 41. Qxd6 Nbd7 42. b5 Qa4 43. Qc6 Nb8 44. Ra1 Qb3 45. Qd6 Nbd7 46. Rab1 Qa2 47. Qa6 Qc2 48. Qc6 Qa2 49. b6 Qd5 50. Rec1 Rb8 51. b7 Kg6 52. Rb5 1-0

[Event "WC-2018-P-00018"]
[Site "LSS email"]
[Date "2018.01.22"]
[Round "?"]
[White "Shim Ng Min, Francis"]
[Black "Kaloev, Todor"]
[Result "0-1"]
[WhiteElo "1235"]
[BlackElo "1955"]
[PlyCount "24"]
[EventDate "2018.02.01"]
[EventType "tourn (corr)"]
[EventRounds "12"]
[EventCountry "GER"]
[SourceTitle "Corr 2022"]
[Source "ChessBase"]
[SourceDate "2021.10.24"]
[SourceVersion "1"]
[SourceVersionDate "2021.10.24"]
[SourceQuality "1"]

1. e4 e5 2. Nf3 Nc6 3. Bc4 Bc5 4. 0-0 Nf6 5. Re1 d6 6. h3 0-0 7. c3 Nxe4 8. Rxe4 d5 9. Bxd5 Qxd5 10. d3 Bf5 11. c4 Qe6 12. Re1 Rad8 0-1

[Event "SB-2017-0-00515"]
[Site "LSS email"]
[Date "2017.10.26"]
[Round "?"]
[White "Kaloev, Todor"]
[Black "Habes, Jiri"]
[Result "1-0"]
[WhiteElo "1933"]
[BlackElo "1969"]
[PlyCount "133"]
[EventDate "2017.09.15"]
[EventType "tourn (corr)"]
[EventRounds "6"]
[EventCountry "GER"]
[SourceTitle "Corr 2022"]
[Source "ChessBase"]
[SourceDate "2021.10.24"]
[SourceVersion "1"]
[SourceVersionDate "2021.10.24"]
[SourceQuality "1"]

1. e4 c5 2. Nc3 Nc6 3. Bb5 a6 4. Bxc6 dxc6 5. d3 e5 6. Nge2 Nf6 7. 0-0 Be7 8. Ng3 Bg4 9. Qe1 0-0 10. b3 Be6 11. Nce2 Bd6 12. h3 Re8 13. f4 Bd7 14. f5 h6 15. Be3 b5 16. Qf2 Qe7 17. a4 Red8 18. Nc3 Be8 19. Kh2 Rdb8 20. Rfd1 Rd8 21. Rdb1 Rdb8 22. Qe2 Bc7 23. Nd1 Rd8 24. Bd2 c4 25. bxc4 bxc4 26. dxc4 Rab8 27. Be3 Rb4 28. c5 Rxb1 29. Rxb1 Rd4 30. Bxd4 exd4 31. Nf2 h5 32. e5 h4 33. Nf1 Nd5 34. Re1 Bd7 35. Qxa6 Qxc5 36. Ne4 Qa5 37. Qxa5 Bxa5 38. Rd1 Bc7 39. a5 Bxe5+ 40. Kh1 Bxf5 41. Nfd2 Nc7 42. Rb1 Bf4 43. Rb6 Bg6 44. Rxc6 Kh7 45. a6 Nxa6 46. Rxa6 f5 47. Nf6+ gxf6 48. Nf3 Be3 49. Rd6 f4 50. Nxd4 Kg7 51. c4 Kf7 52. c5 Ke7 53. Re6+ Kf7 54. c6 Bxd4 55. c7 Kxe6 56. c8Q+ Ke5 57. Qg4 Bf7 58. Qxh4 Be3 59. Qg4 Bd5 60. Qh5+ f5 61. Qh8+ Ke6 62. h4 Be4 63. Kh2 Bc5 64. Qc8+ Kd5 65. h5 Bd6 66. Kh3 Be5 67. h6 1-0

[Event "SC-2017-0-00321"]
[Site "LSS email"]
[Date "2017.04.23"]
[Round "?"]
[White "Linart, Ludvik"]
[Black "Kaloev, Todor"]
[Result "0-1"]
[WhiteElo "1735"]
[BlackElo "1891"]
[PlyCount "42"]
[EventDate "2017.02.23"]
[EventType "tourn (corr)"]
[EventRounds "6"]
[EventCountry "GER"]
[SourceTitle "Corr 2022"]
[Source "ChessBase"]
[SourceDate "2021.10.24"]
[SourceVersion "1"]
[SourceVersionDate "2021.10.24"]
[SourceQuality "1"]

1. d4 Nf6 2. c4 e6 3. Nc3 Bb4 4. e3 0-0 5. Nf3 c5 6. Bd3 d5 7. 0-0 cxd4 8. exd4 dxc4 9. Bxc4 Nbd7 10. Bf4 b6 11. a3 Bxc3 12. bxc3 Bb7 13. Bd3 Rc8 14. c4 Re8 15. Re1 Nf8 16. Ne5 N6d7 17. Nxd7 Qxd7 18. Be3 Ng6 19. Qc2 e5 20. f3 Bd5 21. Bf4 Nxf4 0-1

[Event "OP-2017-0-04327"]
[Site "LSS email"]
[Date "2017.04.14"]
[Round "?"]
[White "Kaloev, Todor"]
[Black "Laureles, Raymundo"]
[Result "1-0"]
[WhiteElo "1891"]
[BlackElo "1115"]
[PlyCount "57"]
[EventDate "2017.04.10"]
[EventType "tourn (corr)"]
[EventRounds "4"]
[EventCountry "GER"]
[SourceTitle "Corr 2022"]
[Source "ChessBase"]
[SourceDate "2021.10.24"]
[SourceVersion "1"]
[SourceVersionDate "2021.10.24"]
[SourceQuality "1"]

1. e4 e6 2. d4 d5 3. Nc3 Bb4 4. e5 c5 5. a3 Bxc3+ 6. bxc3 Ne7 7. Qg4 Qc7 8. Qxg7 Rg8 9. Qxh7 cxd4 10. Ne2 dxc3 11. f4 Nbc6 12. h4 Bd7 13. h5 0-0-0 14. Qd3 d4 15. h6 Nf5 16. h7 Rh8 17. g4 Nfe7 18. Rb1 a6 19. Rh3 Ng6 20. Bg2 b5 21. a4 Nce7 22. Ba3 Bc6 23. Bd6 Rxd6 24. exd6 Qxd6 25. Bxc6 Nxc6 26. axb5 Nxf4 27. Nxf4 Nb4 28. Qc4+ Kd7 29. Rxb4 1-0

[Event "SC-2017-0-00320"]
[Site "LSS email"]
[Date "2017.04.13"]
[Round "?"]
[White "Buczinski, Henryk"]
[Black "Kaloev, Todor"]
[Result "1/2-1/2"]
[WhiteElo "1921"]
[BlackElo "1891"]
[PlyCount "72"]
[EventDate "2017.02.02"]
[EventType "tourn (corr)"]
[EventRounds "6"]
[EventCountry "GER"]
[SourceTitle "Corr 2022"]
[Source "ChessBase"]
[SourceDate "2021.10.24"]
[SourceVersion "1"]
[SourceVersionDate "2021.10.24"]
[SourceQuality "1"]

1. c4 g6 2. d4 Bg7 3. Nc3 d6 4. g3 Nd7 5. Bg2 e5 6. dxe5 dxe5 7. Nf3 Ngf6 8. 0-0 0-0 9. h3 c6 10. Be3 Qe7 11. Qb3 Re8 12. Rad1 Nc5 13. Qa3 Bf8 14. Ng5 a5 15. Rd2 h6 16. Bxc5 Qxc5 17. Nge4 Nxe4 18. Nxe4 Qe7 19. Nd6 Rd8 20. Rfd1 Be6 21. Qe3 Bg7 22. Qc5 a4 23. b4 axb3 24. axb3 Rd7 25. Ne4 Rxd2 26. Qxe7 Rxd1+ 27. Kh2 Rd7 28. Nf6+ Bxf6 29. Qxf6 Ra3 30. Qxe5 Rd2 31. h4 Rxb3 32. h5 Rbb2 33. Qb8+ Kh7 34. hxg6+ fxg6 35. Bf3 Bxc4 36. Qe8 Kg7 1/2-1/2

[Event "SC-2017-0-00320"]
[Site "LSS email"]
[Date "2017.04.13"]
[Round "?"]
[White "Kaloev, Todor"]
[Black "De Gouveia, Pedro"]
[Result "1/2-1/2"]
[WhiteElo "1891"]
[BlackElo "1822"]
[PlyCount "106"]
[EventDate "2017.02.02"]
[EventType "tourn (corr)"]
[EventRounds "6"]
[EventCountry "GER"]
[SourceTitle "Corr 2022"]
[Source "ChessBase"]
[SourceDate "2021.10.24"]
[SourceVersion "1"]
[SourceVersionDate "2021.10.24"]
[SourceQuality "1"]

1. e4 e5 2. Nf3 Nc6 3. Bc4 Bc5 4. c3 Nf6 5. d3 0-0 6. Nbd2 h6 7. 0-0 d6 8. Bb3 a6 9. Re1 Re8 10. Nf1 b5 11. a4 Bd7 12. h3 Rb8 13. a5 Ba7 14. Ng3 b4 15. d4 bxc3 16. bxc3 Rb5 17. d5 Nxa5 18. Ba4 c6 19. dxc6 Bxc6 20. Bxb5 axb5 21. Nh4 Re6 22. Nhf5 Bb6 23. Be3 Bc7 24. Qf3 Kh7 25. Nh5 Nxh5 26. Qxh5 Qe8 27. Qe2 Nc4 28. Qd3 Nb2 29. Qc2 Nc4 30. Ba7 Na5 31. f3 g6 32. Ng3 d5 33. Red1 dxe4 34. Nxe4 Qc8 35. Bf2 Nc4 36. Qa2 Qe8 37. Re1 Kg7 38. Qc2 Bd5 39. Ra7 Bb8 40. Ra2 Qc8 41. Rb1 Nd6 42. Nxd6 Bxd6 43. Raa1 Bc4 44. Qe4 Be7 45. Ra7 Bc5 46. Ra8 Bxf2+ 47. Kxf2 Qc5+ 48. Qe3 Qxe3+ 49. Kxe3 Rd6 50. Rb2 f5 51. Kf2 Rd1 52. Kg3 g5 53. Ra7+ Kg6 1/2-1/2

[Event "LSS No Engine Cup 132 Final"]
[Site "LSS email"]
[Date "2016.02.09"]
[Round "?"]
[White "Grabowski, Benedykt"]
[Black "Kaloev, Todor"]
[Result "1/2-1/2"]
[WhiteElo "2175"]
[BlackElo "1842"]
[PlyCount "68"]
[EventDate "2016.02.10"]
[EventType "tourn (corr)"]
[EventRounds "6"]
[EventCountry "GER"]
[SourceTitle "Corr 2022"]
[Source "ChessBase"]
[SourceDate "2021.10.24"]
[SourceVersion "1"]
[SourceVersionDate "2021.10.24"]
[SourceQuality "1"]

1. d4 Nf6 2. c4 e6 3. Nf3 Bb4+ 4. Bd2 Bxd2+ 5. Qxd2 0-0 6. Nc3 d5 7. e3 Qe7 8. Rc1 Nbd7 9. Qc2 Rd8 10. cxd5 exd5 11. Be2 c6 12. 0-0 h6 13. Bd3 Nf8 14. h3 b6 15. Rfe1 Bb7 16. Ne2 N8d7 17. Nf4 Ne4 18. Nd2 Nd6 19. e4 dxe4 20. Nxe4 Re8 21. Re3 Nf5 22. Nf6+ Qxf6 23. Bxf5 Rxe3 24. fxe3 Qd6 25. Bh7+ Kf8 26. Be4 Re8 27. Re1 Kg8 28. Bf3 Nf6 29. Nd3 Ne4 30. Bxe4 Rxe4 31. Nc5 Re7 32. Nxb7 Rxb7 33. Rd1 Rd7 34. e4 Rd8 1/2-1/2

[Event "LSS No Engine Cup 132 Preliminary 0"]
[Site "LSS email"]
[Date "2015.06.06"]
[Round "?"]
[White "Couspeyre, Thierry"]
[Black "Kaloev, Todor"]
[Result "0-1"]
[WhiteElo "1514"]
[BlackElo "1600"]
[PlyCount "38"]
[EventDate "2015.06.07"]
[EventType "tourn (corr)"]
[EventRounds "6"]
[EventCountry "GER"]
[SourceTitle "Corr 2022"]
[Source "ChessBase"]
[SourceDate "2021.10.24"]
[SourceVersion "1"]
[SourceVersionDate "2021.10.24"]
[SourceQuality "1"]

1. e4 e5 2. Nf3 Nc6 3. Bc4 Bc5 4. c3 Nf6 5. d3 a6 6. b4 Ba7 7. Qb3 0-0 8. 0-0 d6 9. a4 Ne7 10. Ng5 d5 11. exd5 b5 12. axb5 axb5 13. Bxb5 Bxf2+ 14. Rxf2 Rxa1 15. Ba3 Nexd5 16. Qb2 Rxb1+ 17. Qxb1 Nxc3 18. Qe1 Nxb5 19. Bb2 Ng4 0-1

[Event "RC-2015-0-00171"]
[Site "LSS email"]
[Date "2015.06.06"]
[Round "?"]
[White "Kaloev, Todor"]
[Black "Habes, Jiri"]
[Result "1-0"]
[WhiteElo "1861"]
[BlackElo "1835"]
[PlyCount "137"]
[EventDate "2015.02.02"]
[EventType "tourn (corr)"]
[EventRounds "6"]
[EventCountry "GER"]
[SourceTitle "Corr 2022"]
[Source "ChessBase"]
[SourceDate "2021.10.24"]
[SourceVersion "1"]
[SourceVersionDate "2021.10.24"]
[SourceQuality "1"]

1. e4 e6 2. d4 d5 3. Nc3 Nf6 4. e5 Nfd7 5. f4 c5 6. Nf3 Nc6 7. Be3 Qb6 8. Be2 cxd4 9. Nxd4 Bc5 10. Na4 Qa5+ 11. c3 Nxd4 12. Bxd4 Bxd4 13. Qxd4 b6 14. Bd1 0-0 15. 0-0 Bb7 16. b4 Qa6 17. Bb3 Nb8 18. Qd2 Nc6 19. Nb2 b5 20. Nd3 Qb6+ 21. Nc5 a5 22. Kh1 Rfd8 23. f5 axb4 24. cxb4 Bc8 25. f6 Nxe5 26. fxg7 f5 27. Rae1 Qd6 28. Qg5 Nf7 29. Qh4 Kxg7 30. Rf3 h6 31. Rg3+ Ng5 32. Nd3 Rg8 33. Ne5 Qf8 34. Rc1 Kh7 35. Nf3 Nxf3 36. Rc7+ Kh8 37. gxf3 Rxg3 38. hxg3 e5 39. Bxd5 Ra6 40. Re7 Rd6 41. Rxe5 Bd7 42. Kh2 Qf6 43. Qf4 Kg7 44. Qe3 Kg6 45. f4 h5 46. Kh3 Kh6 47. Bf3 Ra6 48. Qd3 Rd6 49. Rd5 Rxd5 50. Qxd5 Qe6 51. Qxe6+ Bxe6 52. a3 Kg6 53. Kh4 Kf6 54. Bxh5 Bd7 55. Be2 Be8 56. g4 fxg4 57. Kxg4 Bc6 58. Bd3 Bd7+ 59. Kf3 Kf7 60. Ke4 Ke6 61. Kd4 Kd6 62. f5 Bc6 63. f6 Be8 64. f7 Bxf7 65. Bxb5 Bh5 66. a4 Bf7 67. Bc4 Bh5 68. b5 Kc7 69. a5 1-0

[Event "LSS No Engine Cup 132 Preliminary 0"]
[Site "LSS email"]
[Date "2015.06.06"]
[Round "?"]
[White "Kaloev, Todor"]
[Black "Herzog, Agnes"]
[Result "1/2-1/2"]
[WhiteElo "1600"]
[BlackElo "2013"]
[PlyCount "35"]
[EventDate "2015.06.07"]
[EventType "tourn (corr)"]
[EventRounds "6"]
[EventCountry "GER"]
[SourceTitle "Corr 2022"]
[Source "ChessBase"]
[SourceDate "2021.10.24"]
[SourceVersion "1"]
[SourceVersionDate "2021.10.24"]
[SourceQuality "1"]

1. e4 e5 2. Nf3 Nc6 3. Bc4 Bc5 4. c3 Nf6 5. d3 d6 6. Bb3 a6 7. 0-0 h6 8. h3 0-0 9. Nbd2 Ba7 10. Re1 Nh5 11. Nf1 Qf6 12. Be3 Ne7 13. Kh2 Nf4 14. d4 c5 15. d5 b5 16. a4 Bd7 17. Bc2 b4 18. N1d2 1/2-1/2

[Event "RC-2015-0-00171"]
[Site "LSS email"]
[Date "2015.06.05"]
[Round "?"]
[White "Moreira, Carlos"]
[Black "Kaloev, Todor"]
[Result "0-1"]
[WhiteElo "1742"]
[BlackElo "1861"]
[PlyCount "78"]
[EventDate "2015.02.02"]
[EventType "tourn (corr)"]
[EventRounds "6"]
[EventCountry "GER"]
[SourceTitle "Corr 2022"]
[Source "ChessBase"]
[SourceDate "2021.10.24"]
[SourceVersion "1"]
[SourceVersionDate "2021.10.24"]
[SourceQuality "1"]

1. e4 e5 2. f4 exf4 3. Nf3 d5 4. exd5 Nf6 5. Bc4 Nxd5 6. 0-0 Be7 7. Bxd5 Qxd5 8. Nc3 Qh5 9. d4 0-0 10. Bxf4 c6 11. Re1 Be6 12. Ng5 Qxd1 13. Raxd1 Bxg5 14. Bxg5 Na6 15. a3 Rfe8 16. Ne4 Bg4 17. Rc1 Re6 18. Bd2 Bf5 19. Ng3 Rxe1+ 20. Bxe1 Bg6 21. h4 h6 22. Kf2 Re8 23. h5 Bh7 24. c4 Rd8 25. Bc3 Bd3 26. b3 Nc7 27. Ke3 Bh7 28. Nf1 Ne6 29. Nd2 Re8 30. Kf3 Bd3 31. Ke3 Bf5 32. Rh1 Bg4 33. Rh4 Ng5+ 34. Kf2 f5 35. Bb4 Re2+ 36. Kf1 Re3 37. d5 cxd5 38. cxd5 Rd3 39. d6 Kf7 0-1

[Event "LSS No Engine Cup 131 Preliminary 0"]
[Site "LSS email"]
[Date "2015.05.18"]
[Round "?"]
[White "Kaloev, Todor"]
[Black "Herzog, Matthias"]
[Result "0-1"]
[WhiteElo "1600"]
[BlackElo "1600"]
[PlyCount "74"]
[EventDate "2015.05.19"]
[EventType "tourn (corr)"]
[EventRounds "6"]
[EventCountry "GER"]
[SourceTitle "Corr 2022"]
[Source "ChessBase"]
[SourceDate "2021.10.24"]
[SourceVersion "1"]
[SourceVersionDate "2021.10.24"]
[SourceQuality "1"]

1. e4 e5 2. Nf3 Nc6 3. Bc4 Bc5 4. c3 Nf6 5. d3 d6 6. 0-0 a6 7. Bb3 Ba7 8. h3 h6 9. Nbd2 g5 10. Nh2 Rg8 11. Ng4 Bxg4 12. hxg4 Qd7 13. Nc4 Qxg4 14. Be3 Bxe3 15. fxe3 Qxd1 16. Raxd1 Rg6 17. Rf2 Ng4 18. Rf3 Ke7 19. Rdf1 Rf6 20. Nd2 h5 21. d4 Rxf3 22. gxf3 Nf6 23. dxe5 Nxe5 24. f4 gxf4 25. exf4 Rg8+ 26. Kf2 Nd3+ 27. Ke3 Rg3+ 28. Rf3 Rxf3+ 29. Kxf3 Nxb2 30. e5 dxe5 31. fxe5 Ng4 32. Ne4 Nxe5+ 33. Kf4 Nbd3+ 34. Kg5 Nf3+ 35. Kxh5 f5 36. Ng5 Nf4+ 37. Kh6 Nd2 0-1

[Event "WC-2014-P-00002"]
[Site "LSS email"]
[Date "2014.02.03"]
[Round "?"]
[White "Bellanger, Michel"]
[Black "Kaloev, Todor"]
[Result "1/2-1/2"]
[WhiteElo "2048"]
[BlackElo "1851"]
[PlyCount "42"]
[EventDate "2014.02.10"]
[EventType "tourn (corr)"]
[EventRounds "12"]
[EventCountry "GER"]
[SourceTitle "Corr 2022"]
[Source "ChessBase"]
[SourceDate "2021.10.24"]
[SourceVersion "1"]
[SourceVersionDate "2021.10.24"]
[SourceQuality "1"]

1. e4 e5 2. Nf3 Nc6 3. Bb5 a6 4. Bxc6 dxc6 5. 0-0 f6 6. d4 exd4 7. Nxd4 c5 8. Ne2 Qxd1 9. Rxd1 Bd7 10. Be3 0-0-0 11. Nbc3 Re8 12. Rd2 Bc6 13. Rad1 g5 14. Ng3 h5 15. h4 gxh4 16. Nf5 h3 17. Nd5 Bxd5 18. Rxd5 Ne7 19. Nxe7+ Bxe7 20. gxh3 Bd6 21. Bxc5 Bxc5 1/2-1/2

[Event "WC-2014-P-00002"]
[Site "LSS email"]
[Date "2014.02.03"]
[Round "?"]
[White "Kaloev, Todor"]
[Black "Bauer, Rudolf"]
[Result "1/2-1/2"]
[WhiteElo "1851"]
[BlackElo "1828"]
[PlyCount "57"]
[EventDate "2014.02.10"]
[EventType "tourn (corr)"]
[EventRounds "12"]
[EventCountry "GER"]
[SourceTitle "Corr 2022"]
[Source "ChessBase"]
[SourceDate "2021.10.24"]
[SourceVersion "1"]
[SourceVersionDate "2021.10.24"]
[SourceQuality "1"]

1. e4 e5 2. Nf3 Nc6 3. Bc4 Bc5 4. c3 Nf6 5. d3 d6 6. Bb3 h6 7. Nbd2 Ng4 8. 0-0 0-0 9. a4 Kh8 10. a5 a6 11. h3 Nxf2 12. Rxf2 f5 13. Qe1 Bxf2+ 14. Qxf2 Qe8 15. Kh2 Ne7 16. Bc2 Bd7 17. b4 Rb8 18. exf5 Bxf5 19. Ne4 Nd5 20. Bd2 Nf6 21. Re1 Nxe4 22. dxe4 Be6 23. Qg3 Rf7 24. Nh4 Qg8 25. Bd3 Rf6 26. Ng6+ Kh7 27. Ne7 Qe8 28. Nf5 Qg6 29. Qh4 1/2-1/2